Animal farm/ (Record no. 206350)

MARC details
000 -LEADER
fixed length control field 00467 a2200169 4500
010 ## - LCCN (DPL NO)
LC control number ENG-142128
020 ## - INTERNATIONAL STANDARD BOOK NUMBER
International Standard Book Number 9789357943390
Terms of availability 250.00
035 ## - SYSTEM CONTROL NUMBER
System control number EN-125660
037 ## - SOURCE OF ACQUISITION
Source of stock number/acquisition DBAD
082 14 - DEWEY DECIMAL CLASSIFICATION NUMBER
Classification number N
100 1# - MAIN ENTRY--PERSONAL NAME
Personal name Orwell, George
245 1# - TITLE STATEMENT
Title Animal farm/
Statement of responsibility, etc by George Orwell
260 ## - PUBLICATION, DISTRIBUTION, ETC. (IMPRINT)
Place of publication, distribution, etc New Delhi
Name of publisher, distributor, etc V & S Publishers
Date of publication, distribution, etc 2024
270 ## - ADDRESS
Address F-2/16, Ansari Road, Daryaganj
City New Delhi
State or province Delhi
Postal code 110002
300 ## - PHYSICAL DESCRIPTION
Extent 83p.
Dimensions 21cm (pb)
942 ## - ADDED ENTRY ELEMENTS (KOHA)
Institution code [OBSOLETE] dpl
Item type English Books
Source of classification or shelving scheme Dewey Decimal Classification
Classification part N
Call number suffix ORW
Holdings
Withdrawn status Lost status Not for loan Collection code Home library Current library Date acquired Source of acquisition Cost, normal purchase price Full call number Barcode Copy number Cost, replacement price Koha item type
      Fiction Sarojini Nagar Sarojini Nagar 11/10/2024 Delivery of Books Act Division 250.00 N ORW EN-125660 1 250.00 Children Books

© Delhi Public Library
Hit Counter
free hit counter